000 00317 a2200157 4500
001 190778
020 _a
040 _cMagnum
100 _aAlves, Maria Angélica
240 1 0 _aAí, então...
_lpor
245 1 0 _aAí, então...
300 _a23
362 0 _a1989
697 _aLITERATURA INFANTO
942 _cBK
999 _c190778
_d190778